000 01676cam a22004097a 4500
003 CHAP
005 20220817044407.0
008 101111s2008 it a rn 00010 spa d
010 _a99756
011 _a100728
020 _a9789253057849
035 _a111414
040 _cCHAP
082 0 4 _a338.47664
_bF21 v.5
110 2 _aFAO
245 1 4 _aDesafíos del abastecimiento de insumos para la mecanización agrícola y el procesamiento de la producción. Actas del Taller de Trabajo de la FAO, llevado a cabo en el Congreso Mundial de Ingeniería Agrícola (CIGR). Bonn, Alemania, 5-6 septiembre 2006
_c/editado por Brian G. Sims ...[et al.]
260 _aRoma :
_bFAO,
_c2008
300 _axi, 73 p. :
_bilus., gráfs., cuadros, diagramas
490 0 _aInforme técnico sobre ingeniería agrícola y alimentaria
_v; 5
590 _aBATCH-UPD
_b10
_c20130110
_lUCH01
_h1031
590 _aBATCH-UPD
_b10
_c20130410
_lUCH01
_h0634
590 _aBATCH-UPD
_b10
_c20130913
_lUCH01
_h2100
590 _aBATCH-UPD
_b10
_c20130914
_lUCH01
_h1025
590 _aCONVERSION
_b10
_c20130109
_lUCH01
_h1355
650 1 4 _aAgricultura tradicional.
_92029
650 1 4 _aAgricultura
_xAspectos económicos.
650 1 4 _aAgricultura
_xFinanzas.
_91486
650 1 4 _aComunidades rurales.
_926254
650 1 4 _aExportación e importación.
_939074
650 1 4 _aIndustrias agrícolas.
_957925
650 1 4 _aMecanización agrícola.
_973801
700 0 _aSims, Brian G.
_e, ed.
_9106514
830 0 _aInforme técnico sobre ingeniería agrícola y alimentaria
_v; 5
_958144
901 _aBK
942 _cLIBRO
949 _a338.47664 F21 v.5
_bBC
_cFAO
_d33724002078686
_eFAO1
_h113752
_i111414
_sb
999 _c99756
_d99756